Khuda Buksh : (Record no. 21289)

MARC details
000 -LEADER
fixed length control field 01412cam a2200397 a 4500
001 - CONTROL NUMBER
control field 17131710
003 - CONTROL NUMBER IDENTIFIER
control field BDDh-ASL
005 - DATE AND TIME OF LATEST TRANSACTION
control field 20231015030003.0
007 - PHYSICAL DESCRIPTION FIXED FIELD--GENERAL INFORMATION
fixed length control field ta
008 - FIXED-LENGTH DATA ELEMENTS--GENERAL INFORMATION
fixed length control field 111205s2011 bg ab b 001 0beng d
010 ## - LIBRARY OF CONGRESS CONTROL NUMBER
LC control number 2012323288
020 ## - INTERNATIONAL STANDARD BOOK NUMBER
International Standard Book Number 9789845060271
020 ## - INTERNATIONAL STANDARD BOOK NUMBER
International Standard Book Number 9845060277
025 ## - OVERSEAS ACQUISITION NUMBER
Overseas acquisition number B-E-2012-323288; 22-92
035 ## - SYSTEM CONTROL NUMBER
System control number (OCoLC)ocn769102385
035 ## - SYSTEM CONTROL NUMBER
System control number (OCoLC)769102385
037 ## - SOURCE OF ACQUISITION
Stock number Library of Congress -- New Delhi Overseas Office
040 ## - CATALOGING SOURCE
Original cataloging agency DKAGE
Language of cataloging eng
Transcribing agency DKAGE
Modifying agency DLC
-- BDDh-ASL
042 ## - AUTHENTICATION CODE
Authentication code lccopycat
-- lcode
043 ## - GEOGRAPHIC AREA CODE
Geographic area code a-pk---
-- a-bg---
050 00 - LIBRARY OF CONGRESS CALL NUMBER
Classification number HG8042.B85
Item number R34 2011
082 04 - DEWEY DECIMAL CLASSIFICATION NUMBER
Classification number 368.32
Edition number 23
Item number RAK
100 1# - MAIN ENTRY--PERSONAL NAME
Personal name Rahim, Muhammad Obaidur,
Dates associated with a name 1946-
245 10 - TITLE STATEMENT
Title Khuda Buksh :
Remainder of title the pioneer of life insurance in Bangladesh, an account of his life and work /
Statement of responsibility, etc. Muhammad Obaidur Rahim.
260 ## - PUBLICATION, DISTRIBUTION, ETC.
Place of publication, distribution, etc. Dhaka :
Name of publisher, distributor, etc. University Press Limited,
Date of publication, distribution, etc. 2011.
300 ## - PHYSICAL DESCRIPTION
Extent xxi, 278 p. :
Other physical details ill., maps ;
Dimensions 22 cm.
504 ## - BIBLIOGRAPHY, ETC. NOTE
Bibliography, etc. note Includes bibliographical references (p. [263]-267) and index.
600 00 - SUBJECT ADDED ENTRY--PERSONAL NAME
Personal name Buksh, Khuda,
Dates associated with a name 1912-1974.
650 #0 - SUBJECT ADDED ENTRY--TOPICAL TERM
Topical term or geographic name entry element Insurance executives
Geographic subdivision Pakistan
Form subdivision Biography.
650 #0 - SUBJECT ADDED ENTRY--TOPICAL TERM
Topical term or geographic name entry element Insurance executives
Geographic subdivision Bangladesh
Form subdivision Biography.
650 #0 - SUBJECT ADDED ENTRY--TOPICAL TERM
Topical term or geographic name entry element Life insurance
Geographic subdivision Pakistan
General subdivision History.
650 #0 - SUBJECT ADDED ENTRY--TOPICAL TERM
Topical term or geographic name entry element Life insurance
Geographic subdivision Bangladesh
General subdivision History.
906 ## - LOCAL DATA ELEMENT F, LDF (RLIN)
a 7
b cbc
c copycat
d 3
e ncip
f 20
g y-gencatlg
942 ## - ADDED ENTRY ELEMENTS (KOHA)
Source of classification or shelving scheme Dewey Decimal Classification
Koha item type Books
Holdings
Withdrawn status Lost status Source of classification or shelving scheme Damaged status Not for loan Collection code Home library Current library Shelving location Date acquired Source of acquisition Total Checkouts Full call number Barcode Date last seen Copy number Price effective from Koha item type
    Dewey Decimal Classification     Non-fiction Asiatic Society Library Asiatic Society Library General Stacks 01/26/2021 Complementary   368.32 RAK 104982 01/26/2021 C-1 01/26/2021 Books
    Dewey Decimal Classification     Non-fiction Asiatic Society Library Asiatic Society Library General Stacks 01/26/2021 Complementary   368.32 RAK 104983 01/26/2021 C-2 01/26/2021 Books
    Dewey Decimal Classification     Non-fiction Asiatic Society Library Asiatic Society Library General Stacks 01/26/2021 Complementary   368.32 RAK 104984 01/26/2021 C-3 01/26/2021 Books

Powered by Koha